Catálogo

Judaism, physics and god : (Registro nro. 62363)

Detalles MARC
000 -LEADER
fixed length control field 00811nam a2200217 a 4500
001 - CONTROL NUMBER
control field 62363
005 - DATE AND TIME OF LATEST TRANSACTION
control field 20180714064343.0
008 - FIXED-LENGTH DATA ELEMENTS--GENERAL INFORMATION
fixed length control field 150407s2006 xxu 000 0 spa d
020 ## - INTERNATIONAL STANDARD BOOK NUMBER
International Standard Book Number 978-1-58023-306-4
082 0# - DEWEY DECIMAL CLASSIFICATION NUMBER
Classification number 296.375
Item number NEL
100 1# - MAIN ENTRY--PERSONAL NAME
Personal name Nelson, Rabbi David W.
Relator term autor
245 10 - TITLE STATEMENT
Title Judaism, physics and god :
Remainder of title searching for Sacred Metaphors in a Post-Einstein World /
Statement of responsibility, etc. Rabbi David W. Nelson.
264 #1 - PRODUCTION, PUBLICATION, DISTRIBUTION, MANUFACTURE, AND COPYRIGHT NOTICE
Place of production, publication, distribution, manufacture Estados Unidos de América :
Name of producer, publisher, distributor, manufacturer Jewish Lights Publishing;
Date of production, publication, distribution, manufacture, or copyright notice 2006
300 ## - PHYSICAL DESCRIPTION
Extent xxxviii, 304 páginas :
Other physical details ilustraciones ;
Dimensions 23 cm.
336 ## - CONTENT TYPE
Content type term texto
Source rdacontent
337 ## - MEDIA TYPE
Media type term sin mediación
Source rdamedia
338 ## - CARRIER TYPE
Carrier type term volúmen
Source rdacarrier
650 #0 - SUBJECT ADDED ENTRY--TOPICAL TERM
Topical term or geographic name entry element Judaismo y ciencia
650 #0 - SUBJECT ADDED ENTRY--TOPICAL TERM
Topical term or geographic name entry element Física
General subdivision Aspectos religiosos
-- Judaismo
650 #0 - SUBJECT ADDED ENTRY--TOPICAL TERM
Topical term or geographic name entry element Metafora
General subdivision Aspectos religosos
-- Judaismo
Existencias
Withdrawn status Lost status Source of classification or shelving scheme Damaged status Not for loan Collection code Home library Current library Shelving location Date acquired Source of acquisition Inventory number Total Checkouts Full call number Barcode Date last seen Price effective from Koha item type
    Dewey Decimal Classification     General Centro de Estudios en Ciencia y Religión Centro de Estudios en Ciencia y Religión Sala general 07/04/2015 Compra 151000000000000000077753   296.375 NEL 2006 86371 05/01/2026 20/11/2015 Libro